[Event "Schweinfurt op"]
[Site "Schweinfurt"]
[Date "2007.05.20"]
[Round "6"]
[White "Lukas, Norbert"]
[Black "Markwardt, Sven"]
[Result "1-0"]
[WhiteElo "2089"]
[BlackElo "1771"]
[PlyCount "63"]
[EventDate "2007.05.17"]
[EventType "swiss"]
[EventRounds "7"]
[EventCountry "GER"]
[SourceTitle "CBM 118 Extra"]
[Source "ChessBase"]
[SourceDate "2007.07.04"]
[SourceVersion "1"]
[SourceVersionDate "2007.07.04"]
[SourceQuality "1"]

1. e4 d6 2. d4 Nf6 3. Nc3 c6 4. f4 Qa5 5. Bd3 e5 6. dxe5 dxe5 7. fxe5 Ng4 8. Nf3 Nxe5 9. Nxe5 Qxe5 10. Qf3 Bd6 11. Ne2 Be6 12. c3 Qa5 13. 0-0 Nd7 14. b4 Qc7 15. Nf4 Ne5 16. Qe3 0-0 17. h3 c5 18. a3 c4 19. Be2 b5 20. Kh1 a5 21. Bd2 Ra7 22. Rad1 axb4 23. axb4 Rfa8 24. Bc1 Ra2 25. Bh5 Ng6 26. Nxe6 fxe6 27. Bxg6 hxg6 28. Qg5 Be5 29. Qxg6 Qe7 30. Rf3 Re2 31. Bf4 Rxe4 32. Qxe4 1-0

[Event "Unterfranken-ch HA 48th"]
[Site "Bergrheinfeld"]
[Date "1997.??.??"]
[Round "3"]
[White "Bergmann, Heribert"]
[Black "Markwardt, Sven"]
[Result "1/2-1/2"]
[WhiteElo "1608"]
[BlackElo "1792"]
[PlyCount "65"]
[EventDate "1997.03.31"]
[EventType "swiss"]
[EventRounds "9"]
[EventCountry "GER"]
[SourceTitle "EXT 2015"]
[Source "ChessBase"]
[SourceDate "2014.11.20"]
[SourceVersion "1"]
[SourceVersionDate "2014.11.20"]
[SourceQuality "1"]

1. e4 d6 2. Nc3 Nf6 3. g3 c6 4. Bg2 e5 5. d3 Be7 6. Bg5 Qb6 7. Qd2 Nbd7 8. Rb1 0-0 9. Nf3 Nc5 10. 0-0 Ne6 11. Be3 Qc7 12. Nh4 Ng4 13. Nf5 Nxe3 14. Nxe7+ Qxe7 15. Qxe3 Nd4 16. Qd2 f5 17. exf5 Rxf5 18. f4 exf4 19. Rbe1 Re5 20. gxf4 Rxe1 21. Rxe1 Qf8 22. Re4 Nf5 23. Qe1 Bd7 24. Bh3 g6 25. Bxf5 Qxf5 26. Qh4 Rf8 27. Re7 Rf7 28. Rxf7 Qxf7 29. Ne4 Kg7 30. Ng5 Qg8 31. Ne4 Qe6 32. Ng5 Qg8 33. Ne4 1/2-1/2

[Event "Unterfranken-ch HA 48th"]
[Site "Bergrheinfeld"]
[Date "1997.??.??"]
[Round "4"]
[White "Markwardt, Sven"]
[Black "Oster, Stefan"]
[Result "1/2-1/2"]
[WhiteElo "1792"]
[BlackElo "1628"]
[PlyCount "84"]
[EventDate "1997.03.31"]
[EventType "swiss"]
[EventRounds "9"]
[EventCountry "GER"]
[SourceTitle "EXT 2015"]
[Source "ChessBase"]
[SourceDate "2014.11.20"]
[SourceVersion "1"]
[SourceVersionDate "2014.11.20"]
[SourceQuality "1"]

1. c4 e6 2. g3 f5 3. Bg2 Nf6 4. Nc3 Be7 5. d3 0-0 6. Nf3 d6 7. 0-0 c5 8. e4 fxe4 9. dxe4 e5 10. b4 cxb4 11. Nd5 Nc6 12. Ng5 h6 13. Nxf6+ gxf6 14. Qd5+ Kg7 15. Ne6+ Bxe6 16. Qxe6 Qc8 17. Qd5 Nd4 18. Bd2 a5 19. f4 Qc6 20. Kf2 Qxd5 21. cxd5 Rac8 22. Rfc1 Nc2 23. Rab1 b6 24. Bh3 Rc5 25. Be3 Nxe3 26. Kxe3 Bd8 27. Be6 Bc7 28. Kd2 Rb8 29. fxe5 dxe5 30. Rb3 Rxc1 31. Kxc1 Rb7 32. Bd7 Bd6 33. Bc6 Rc7 34. Kd2 Kf8 35. Rf3 Rf7 36. Rf1 Ke7 37. Kc2 Rg7 38. Kb3 Rg4 39. Re1 Bc5 40. Bb7 Rg8 41. Bc6 Kd6 42. Kc4 Rf8 1/2-1/2